Nástin dějin českého stavebního práva /

Hlavní autor: Ebel, Martin, 1960-
Korporativní autor: Česko. Ministerstvo pro místní rozvoj
Jazyk: Čeština
Vydáno: Praha : Pro Ministerstvo pro místní rozvoj ČR vydala ABF, nakl. Arch, 2005
Témata:
Fyzický popis: 63 s. : barev. il., faksim. ; 22 cm
Knihy
Uloženo v:
LEADER 01565nam a2200421 a 4500
001 nkc20051581212
003 CZ PrNK
005 20090408154740.0
007 ta
008 050907s2005 xr ah e 000 0 cze
015 |a cnb001581212 
020 |a 80-86905-05-5  |q (ABF - ARCH :  |q brož.) 
035 |a (OCoLC)85162175 
040 |a BOA001  |b cze  |d OLA001  |d ABA001 
043 |a e-xr--- 
072 7 |a 349  |x Pracovní, sociální, stavební právo. Právo životního prostředí  |2 Konspekt  |9 16 
080 |a 349.442  |2 MRF 
080 |a 34(091)  |2 MRF 
080 |a (437.3)  |2 MRF 
080 |a (048.8)  |2 MRF 
100 1 |a Ebel, Martin,  |d 1960-  |7 ntka172341  |4 aut 
245 1 0 |a Nástin dějin českého stavebního práva /  |c Martin Ebel 
260 |a Praha :  |b Pro Ministerstvo pro místní rozvoj ČR vydala ABF, nakl. Arch,  |c 2005 
300 |a 63 s. :  |b barev. il., faksim. ;  |c 22 cm 
650 0 7 |a stavební právo  |7 ph126081  |z Česko  |2 czenas 
650 0 7 |a právní dějiny  |7 ph164957  |z Česko  |2 czenas 
650 0 9 |a building law  |z Czechia  |2 eczenas 
650 0 9 |a history of law  |z Czechia  |2 eczenas 
655 7 |a studie  |7 fd133597  |2 czenas 
655 9 |a studies  |2 eczenas 
710 1 |a Česko.  |b Ministerstvo pro místní rozvoj  |7 kn20020414007 
910 2 |a BOA001  |b 2-1158.034 
928 9 |a ABF 
990 |a BK 
995 |a 01 
991 |b 200510  |c NOV 
996 6 |b 2610260107  |c 2-1158.034  |l MZK  |r Sklad / do 1 hodiny  |n 5  |p p.v.  |w 000788421  |u 000010  |a 1  |e BOA001  |j MZK50  |s P 
996 7 |b 2610263275  |c 2-1158.034  |l MZK  |r Sklad / do 1 hodiny  |n 18  |p kup  |w 000788421  |u 000020  |a 1  |e BOA001  |j MZK50  |s A